000 00823cam a2200217 i 4500
005 20251126082418.0
008 250721s2005 sy gr 000 0 ara d
082 1 4 _a211.6
_bا س ل
100 1 _aإسلامبولي، سامر
_eمؤلف.
245 1 2 _aالقرآن بين اللغة والواقع /
_cسامر إسلامبولي ؛ تقديم د. سمير حسن، د. محمد حبش.
250 _aالطبعة الأولى.
264 3 1 _aدمشق :
_bالأوائل للنشر والتوزيع،
_c2005.
300 _a159 صفحة.
490 1 _aأبحاث في اللغة والقرآن.
650 1 7 _aالقرآن الكريم.
650 1 7 _aبلاغة القرآن.
650 1 7 _aاللغة.
830 0 _aأبحاث في اللغة والقرآن.
942 _2ddc
_cBK
999 _c108590
_d108590